Largest Cities in the U.K. in my Opinion - Statistics

General Stats
  • This quiz has been taken 37 times
  • The average score is 11 of 12
Answer Stats
Hint Answer % Correct
11M London
100%
3.0M Manchester
100%
2.8M Birmingham
97%
1.9M Leeds
94%
1.9M Liverpool
94%
1.6M Glasgow
91%
1.5M Newcastle
91%
760k Nottingham
91%
610k Edinburgh
88%
1.6M Sheffield
88%
740k Bristol
85%
640k Leicester
85%
No matching quizzes found
Score Distribution
Percent of People with Each Score
Percentile by Number Answered
Your Score History
You have not taken this quiz